| 000 | 01171cam a22003737a 4500 | ||
|---|---|---|---|
| 003 | CHAP | ||
| 005 | 20220817041658.0 | ||
| 008 | 971013s1994 it a r 00010 eng d | ||
| 010 | _a21373 | ||
| 011 | _a22345 | ||
| 035 | _a26439 | ||
| 040 | _cCHAP | ||
| 082 | 0 | 4 |
_a574.19 _bF3 |
| 110 | 2 | _aFAO | |
| 245 | 1 | 0 |
_aBioenergy for development _b: technical and environmental dimensions |
| 260 |
_aRome : _bFAO, _c1994 |
||
| 300 |
_a78 p. _b; gráfs. ; anexo ; mapa |
||
| 490 | 0 |
_aFAO. Medio ambiente y energía _v; 13 |
|
| 590 |
_aBATCH-UPD _b10 _c20130110 _lUCH01 _h0152 |
||
| 590 |
_aBATCH-UPD _b10 _c20130110 _lUCH01 _h1539 |
||
| 590 |
_aBATCH-UPD _b10 _c20130409 _lUCH01 _h2152 |
||
| 590 |
_aBATCH-UPD _b10 _c20130410 _lUCH01 _h0942 |
||
| 590 |
_aBATCH-UPD _b10 _c20130914 _lUCH01 _h0637 |
||
| 590 |
_aCONVERSION _b10 _c20130109 _lUCH01 _h1313 |
||
| 650 | 1 | 4 |
_aBioenergía. _912731 |
| 650 | 1 | 4 |
_aBiomasa. _912825 |
| 650 | 1 | 4 | _aDesarrollo sustentable. |
| 700 | 0 |
_aHall, D. O. _952308 |
|
| 700 | 0 |
_aWoods, J. _9122569 |
|
| 830 | 0 |
_aFAO. Medio ambiente y energía _v; 13 _939622 |
|
| 901 | _aBK | ||
| 942 | _cLIBRO | ||
| 949 |
_a574.19 F3 _bBC _cFAO _d-60946 _eFAO1 _h87118 _i26439 _si |
||
| 999 |
_c21373 _d21373 |
||